Online
Catalog

L'urbanisme dans 1' Occident musulman au Moyen Äge : aspects juridiques : (Record no. 41547)

MARC details
000 -CABECERA
campo de control de longitud fija 00958nam a2200229 a 4500
001 - NÚMERO DE CONTROL
campo de control 000042058
005 - FECHA Y HORA DE LA ÚLTIMA TRANSACCIÓN
campo de control 20201002035920.0
008 - DATOS DE LONGITUD FIJA--INFORMACIÓN GENERAL
campo de control de longitud fija 131112s2000 sp ac 000 0 spa d
020 ## - NÚMERO INTERNACIONAL ESTÁNDAR DEL LIBRO
Número Internacional Estándar del Libro 8400078993
040 ## - FUENTE DE LA CATALOGACIÓN
Centro catalogador/agencia de origen DO-SdBNP
Lengua de catalogación spa
Centro/agencia transcriptor BNPHU
082 ## - NÚMERO DE LA CLASIFICACIÓN DECIMAL DEWEY
Número de clasificación xxxx
Número de documento/Ítem xxxx
245 00 - MENCIÓN DE TÍTULO
Título L'urbanisme dans 1' Occident musulman au Moyen Äge : aspects juridiques :
Resto del título actes recueillis et préparés par Patrice Cressier, Maribel Fierro et Jean-Pierre van Stäevel.
260 ## - PUBLICACIÓN, DISTRIBUCIÓN, ETC.
Lugar de publicación, distribución, etc. Madrid :
Nombre del editor, distribuidor, etc. Casa de Velázquez,
-- CSIC.,
Fecha de publicación, distribución, etc. 2000.
300 ## - DESCRIPCIÓN FÍSICA
Extensión 292 p. :
Otras características físicas il., mapas ;
Dimensiones 24 cm.
500 ## - NOTA GENERAL
Nota general Tít. del lomo: L'urbanisme dans l'Occident musulman
500 ## - NOTA GENERAL
Nota general Incluye referencias bibliográficas y notas al pie de las páginas
500 ## - NOTA GENERAL
Nota general Textos en francés y en español
710 22 - PUNTO DE ACCESO ADICIONAL--NOMBRE DE ENTIDAD CORPORATIVA
Nombre de entidad corporativa o nombre de jurisdicción como elemento de entrada Consejo superior de investigaciones científicas(España)
9 (RLIN) 69049
700 12 - PUNTO DE ACCESO ADICIONAL--NOMBRE DE PERSONA
Nombre de persona Cressier, Patrice
9 (RLIN) 67652
700 12 - PUNTO DE ACCESO ADICIONAL--NOMBRE DE PERSONA
Nombre de persona Fierro, Maribel
9 (RLIN) 68311
700 12 - PUNTO DE ACCESO ADICIONAL--NOMBRE DE PERSONA
Nombre de persona Staëvel, Jean-Pierre van
9 (RLIN) 69050
Holdings
Estado de retiro Estado de pérdida Restricciones de uso No para préstamo Código de colección Localización permanente Ubicación/localización actual Ubicación en estantería Fecha de adquisición Número de inventario Total de préstamos Signatura topográfica completa Código de barras Fecha visto por última vez Precio válido a partir de Tipo de ítem Koha
      Excluido de préstamo Monografías: Libros y Folletos General General En catalogación 12.11.2013 LF1   xxxx xxxx 42058-10 25.06.2020 25.06.2020 No se presta

Powered by Koha